| 000 | 00431nam a2200169Ia 4500 | ||
|---|---|---|---|
| 008 | 230718s9999 xx 000 0 und d | ||
| 020 | _a9789351108788 | ||
| 041 | _aeng | ||
| 082 |
_a005.13'3 _bLUB |
||
| 100 | _aLubanovic B. | ||
| 245 | _aIntroducing Python | ||
| 260 |
_c2014 _bSPD/O'Reilly |
||
| 300 | _a452 | ||
| 365 |
_cRs. _b750.00 |
||
| 700 | _aLubanovic B. | ||
| 906 |
_dO:0448018-Apr-2015B:762413-Apr-2015 _cCOMP _b172.5 |
||
| 999 |
_c339323 _d339323 |
||